| Tag |
First Indicator |
Second Indicator |
Subfields |
| LEADER |
00000uam a2200000 a 4500 |
| 001 |
in00004132021 |
| 005 |
20260122213908.8 |
| 006 |
m o d |
| 007 |
cr cn |
| 008 |
100513s2005 xx o eng |
| 020 |
|
|
|z 9780596006358
|
| 035 |
|
|
|a (CaSebORM)0596006357
|
| 040 |
|
|
|d UtOrBLW
|
| 041 |
0 |
|
|a eng
|
| 100 |
1 |
|
|a Bartosh, Michael,
|e author.
|0 http://id.loc.gov/authorities/names/nb2005007528
|
| 245 |
1 |
0 |
|a Essential Mac OS X Panther Server Administration /
|c Bartosh, Michael.
|
| 250 |
|
|
|a 1st edition.
|
| 264 |
|
1 |
|b O'Reilly Media, Inc.,
|c 2005.
|
| 300 |
|
|
|a 1 online resource (846 pages)
|
| 336 |
|
|
|a text
|b txt
|2 rdacontent
|
| 337 |
|
|
|a computer
|b c
|2 rdamedia
|
| 338 |
|
|
|a online resource
|b cr
|2 rdacarrier
|
| 347 |
|
|
|a text file
|
| 520 |
|
|
|a From the command line to Apple's graphical tools, this book uses a thorough, fundamental approach that leads readers to mastery of every aspect of the server. Full of much-needed insight, clear explanations, troubleshooting tips, and security information in every chapter, the book shows system administrators how to utilize the software's capabilities and features for their individual needs. Some of the topics covered in detail include: Installation Deployment Server management Directory services Web application services System interaction Data gathering Stress planning This comprehensive guide also takes the time to carefully highlight and analyze the differences between Mac OS X and the other server platforms.Whether you're a seasoned Unix or Windows administrator or a long-time Mac professional, Essential Mac OS X Panther Server Administration provides you with the depth you're seeking to maximize the potential of your Mac OS X Panther Server.
|
| 533 |
|
|
|a Electronic reproduction.
|b Boston, MA :
|c Safari,
|n Available via World Wide Web.
|d 2005.
|
| 538 |
|
|
|a Mode of access: World Wide Web.
|
| 542 |
|
|
|f Copyright © O'Reilly Media, Inc.
|g 2005
|
| 588 |
|
|
|a Online resource; Title from title page (viewed May 24, 2005)
|
| 500 |
|
|
|a Electronic resource.
|
| 655 |
|
7 |
|a Electronic books.
|2 local
|
| 700 |
1 |
|
|a Faas, Ryan,
|e author.
|0 http://id.loc.gov/authorities/names/n2001002536
|
| 710 |
2 |
|
|a Safari, an O'Reilly Media Company.
|
| 856 |
4 |
0 |
|u https://proxy.library.tamu.edu/login?url=https://go.oreilly.com/TAMU/library/view/-/0596006357/?ar
|z Connect to this electronic resource
|t 0
|
| 999 |
f |
f |
|s b00e7038-a4fb-35e2-a744-d9fd369d6033
|i 2d68133b-cd51-3501-a890-fe4883fa9cfc
|t 0
|
| 952 |
f |
f |
|a Texas A&M University
|b College Station
|c Electronic Resources
|s www_evans
|d Available Online
|t 0
|h No information provided
|
| 998 |
f |
f |
|t 0
|l Available Online
|